| 000 | 00418nam a2200157Ia 4500 | ||
|---|---|---|---|
| 003 | OSt | ||
| 005 | 20230526143409.0 | ||
| 008 | 211028s2017 xx 000 0 und d | ||
| 040 | _cAIMIT LIBRARY | ||
| 041 | _aeng | ||
| 100 |
_aLasrado, Vineet Stewart; Thomas, C G. _g151936 _98740 _e151936 |
||
| 110 |
_aThomas C G _98741 |
||
| 245 | _aNews- aggregator and analyzer. | ||
| 260 |
_aMangalore _c2017 |
||
| 942 |
_2ddc _cPRO |
||
| 999 |
_c220039 _d220039 |
||